logo

Bir Sreshtho Munshi Abdur Rouf Library
Jhenaidah Cadet College

A new age now begins : (Record no. 9614)

MARC details
000 -LEADER
fixed length control field 01022cam a2200301 i 4500
001 - CONTROL NUMBER
JCCL Control Number 9614
003 - CONTROL NUMBER IDENTIFIER
JCCL marc code BD-JhCC
005 - DATE AND TIME OF LATEST TRANSACTION
control field 20180321140229.0
008 - FIXED-LENGTH DATA ELEMENTS--GENERAL INFORMATION
fixed length control field 180320s1976 nyuaf b 001 0 eng
020 ## - INTERNATIONAL STANDARD BOOK NUMBER
International Standard Book Number 0070590974 :
Terms of availability $25.00
035 ## - SYSTEM CONTROL NUMBER
system control number (BD-JhCC)9614
040 ## - CATALOGING SOURCE
Original cataloging agency DLC
Transcribing agency DLC
Modifying agency DLC
-- BD-JhCC
041 ## - LANGUAGE CODE
Language code of Book eng
050 00 - LIBRARY OF CONGRESS CALL NUMBER
Classification number E208
Item number .S67
082 00 - DEWEY DECIMAL CLASSIFICATION NUMBER
Classification number 973.3
Author mark and Year SMI 1976
100 1# - MAIN ENTRY--PERSONAL NAME
Personal name Smith, Page.
245 12 - TITLE STATEMENT
Title A new age now begins :
Remainder of title a people's history of the American Revolution /
Statement of responsibility, etc Page Smith.
260 ## - PUBLICATION, DISTRIBUTION, ETC. (IMPRINT)
Place of publication, distribution, etc New York :
Name of publisher, distributor, etc McGraw-Hill,
Date of publication, distribution, etc c1976.
300 ## - PHYSICAL DESCRIPTION
Pagination 2 v. (xi, 1899 p., [24] leaves of plates) :
Other physical details ill. ;
Dimensions 25 cm.
500 ## - GENERAL NOTE
General note "Volume[s] one[-two]" of the author's history of the United States.
500 ## - GENERAL NOTE
General note Includes index.
504 ## - BIBLIOGRAPHY, ETC. NOTE
Bibliography, etc Bibliography: v. 2, p. 1833-1838.
651 #0 - SUBJECT ADDED ENTRY--GEOGRAPHIC NAME
Geographic name United States
General subdivision History
Chronological subdivision Revolution, 1775-1783.
651 #0 - SUBJECT ADDED ENTRY--GEOGRAPHIC NAME
Geographic name United States
General subdivision History
Chronological subdivision Revolution, 1775-1783
General subdivision Campaigns.
740 0# -
Uncontrolled related/analytical title People's history of the American Revolution.
942 ## - ADDED ENTRY ELEMENTS (KOHA)
Source of classification or shelving scheme Dewey Decimal Classification
Koha item type Books
Holdings
Source of classification or shelving scheme Damaged status Not for loan Home library Current library Shelving location Total Checkouts Full call number Barcode Date last seen Copy number Koha item type volume number
Dewey Decimal Classification     JCC Rouf Library JCC Rouf Library General Stacks   973.3 SMI 1976 12785 03/20/2018 C - 1 Books  
Dewey Decimal Classification     JCC Rouf Library JCC Rouf Library General Stacks   973.3 SMI 1976 12832 03/21/2018 C - 2 Books V-1

JCC Library | Contacts | JCC Home

Last Update on 23 September 2017
Copyright @ 2017-2020 JCC Rouf Library
Rouf Library, Jhenidah Cadet College (JCC), Bangladesh